000 00272nam a22001337a 4500
020 _a0-7214-1718
082 _a823
_bLAD/H
100 _aLADY BIRD
245 _a100 NURSARY RHYMES
260 _aUK
_bLADY BIRD
300 _a43
650 _aENGLISH RHYMES
_zUK
942 _cBK
999 _c1740
_d1740